| Tag |
First Indicator |
Second Indicator |
Subfields |
| LEADER |
00000cgm a2200000Ia 4500 |
| 001 |
in00001710621 |
| 005 |
20210320063345.0 |
| 007 |
vf bbahou |
| 008 |
971023p19971964cau117 e vlben d |
| 020 |
|
|
|a 0800177746 :
|c $19.95
|
| 028 |
4 |
3 |
|a 10133
|b Columbia TriStar Home Video
|
| 035 |
|
|
|a (OCoLC)ocm37830479
|
| 040 |
|
|
|a ZQP
|c ZQP
|d LEO
|d TTU
|d OCLCQ
|d JED
|d TXA
|d UtOrBLW
|
| 041 |
1 |
|
|a ben
|j eng
|
| 049 |
|
|
|a TXAM
|
| 090 |
|
|
|a PN1995.9.F67
|b C4737 1997
|
| 245 |
0 |
0 |
|a Charulata :
|b The lonely wife /
|c producer, R.D. Bansal ; written and directed, Satyajit Ray.
|
| 246 |
3 |
1 |
|a Lonely wife
|
| 246 |
3 |
|
|a Charulata :
|b the lonely wife
|
| 264 |
|
1 |
|a Culver City, Calif. :
|b Columbia TriStar Home Video,
|c [1997]
|
| 264 |
|
4 |
|c ©1997
|
| 300 |
|
|
|a 1 videocassette (approximately 117 min.) :
|b sound, black and white ;
|c 1/2 in.
|
| 336 |
|
|
|a two-dimensional moving image
|b tdi
|2 rdacontent
|
| 337 |
|
|
|a video
|b v
|2 rdamedia
|
| 338 |
|
|
|a videocassette
|b vf
|2 rdacarrier
|
| 538 |
|
|
|a VHS Hi-fi.
|
| 546 |
|
|
|a In Bengali with English subtitles.
|
| 500 |
|
|
|a Title and publication information from cassette label and container.
|
| 511 |
1 |
|
|a Soumitra Chatterjee, Madhabi Mukherjee, Sailen Mukhejhee.
|
| 508 |
|
|
|a Cinematography, Subrata Mitra ; editor, Dulal Dutta ; music, Satyajit Ray ; art director, Bansi Chandragupta.
|
| 500 |
|
|
|a "A Sony Pictures Classics release"--Cassette label.
|
| 500 |
|
|
|a Adapted from the novella: Nastanirh / by Rabindranath Tagore.
|
| 500 |
|
|
|a Originally produced as a motion picture in 1964.
|
| 500 |
|
|
|a First released in India.
|
| 520 |
|
|
|a The wife of a publisher tries to find a way out of her confining domestic situation.
|
| 500 |
|
|
|a Videorecording.
|
| 655 |
|
0 |
|a Foreign films.
|
| 655 |
|
0 |
|a Motion pictures, Indic.
|
| 655 |
|
7 |
|a Feature films.
|2 lcgft
|
| 700 |
1 |
|
|a Ray, Satyajit,
|d 1921-1992.
|
| 700 |
1 |
|
|a Caṭṭopādhyāẏa, Saumitra,
|d 1935-2020.
|
| 700 |
1 |
|
|a Mukhopādhyāẏa, Mādhabī,
|d 1943-
|
| 700 |
1 |
|
|a Mukherjee, Sailen.
|
| 700 |
1 |
|
|a Bansal, R. D.
|
| 700 |
1 |
|
|a Tagore, Rabindranath,
|d 1861-1941.
|t Nashṭanīṛa.
|
| 710 |
2 |
|
|a Columbia TriStar Home Video (Firm)
|
| 710 |
2 |
|
|a Sony Pictures Classics (Firm)
|
| 948 |
|
|
|a cataloged
|b h
|c 2002/10/21
|d c
|e mphillip
|f 12:13:18 pm
|
| 994 |
|
|
|a E0
|b TXA
|
| 999 |
|
|
|a MARS
|
| 999 |
f |
f |
|s 5bcd4913-68e6-3cf4-96e1-6511a2ae7009
|i 3cb41ff9-60de-3d83-8df0-4ab867969715
|t 0
|
| 952 |
f |
f |
|p ric
|a Texas A&M University
|b Rellis Campus
|c Joint Library Facility
|d Remote Storage
|t 0
|e PN1995.9.F67 C4737 1997
|h Library of Congress classification
|i video -- videocassette
|m A14829140418
|
| 998 |
f |
f |
|a PN1995.9.F67 C4737 1997
|t 0
|l Remote Storage
|